00473nam a2200145Ia 4500008004100000041000800041082001200049100002000061245004400081260002600125300003000151365001100181999001700192952011800209240624s9999 xx 000 0 und d aeng a339 NAT aNATTRASS NICOLI aMACROECONOMICS SIMPLIFIED UNDERSTANDING c2014aNew DelhibSage axv, : 203 : p. : cm. ; 24 cRSb38 c27409d27409 00104070aIMTNbIMTNcRack 14-Ad2016-05-02eAPg495.00o339 NATp27409r2024-06-24 00:00:00t1w2024-06-24yBK